LEADER 00872nam a2200229 i 4500 001 000000049676 003 CaOOAMICUS 005 20120628000000.0 008 120628s1971 it u000 u ita u 013 $a20847 040 $aSeMil$bita 245 10$a[4]. 260 $a[S.l.] :$bOrizzonte medico,$c1971. 300 $a256 p. ;$c21 cm. 490 0 $aCollana di studi su medicina e morale 500 $aRaccolte di contributi vari di diversi Corsi di Medicina e Morale. 650 4$aMedicina - Morale cristiana.$0(OLS)http://semarc/subject/3594 830 0$aCollana di studi su medicina e morale.$0(OLS)http://semarc/title/36480 850 $aSeMil 852 $aSeMil$W1$xVenegono$y1$m2E II 253$j15831$B15831$CSeMilBibl$Z2$F15831 $81 996 $6245$a[4]$9(OLS)http://semarc/title/217125 996 $6260$a[S.l.] :$bOrizzonte medico$9(OLS)http://semarc/publisher/56277 LEADER 00791nam a2200217 i 4500 001 000000197034 003 CaOOAMICUS 005 20140714000000.0 008 140714s1913 it u000 u ita u 013 $a175719 040 $aSeMil$bita 245 10$aCommento di Giambi ed Epodi e Rime Nuove. 300 $aXII, 117 p. 500 $aFondo card. Giovanni Colombo. 700 1 $aCapelli, Luigi Mario.$0(OLS)http://semarc/name/8498 773 0 $aCapelli, Luigi Mario$tDizionarietto carducciano.$dLivorno : Giusti, 1913.$g251$w()30134 850 $aSeMil 852 $aSeMil$W1$xVenegono$y1$m3GC I 149$j147593$B147593$CSeMilBibl$Z2$F159088 $8B 941 1 $a3 961 $aLascito: Colombo Card. Giovanni 996 $6245$aCommento di Giambi ed Epodi e Rime Nuove$9(OLS)http://semarc/title/284462